ბათუმის შოთა რუსთაველის სახელმწიფო უნივერსიტეტის ბიბლიოთეკა

საერთაშორისო ხელშეკრულება საერთაშორისო და შიდა სახელმწიფოებრივ სამართალში / (ბიბ.ჩანაწერი № 57182)

000 -ლიდერი
ფიქსირებული სიგრძის საკონტროლო ველი 01202nam a22002297a 4500
003 - საკონტროლო ნომრის იდენტიფიკატორი
საკონტროლო ველი Ge_BSU
005 - ბოლო ოპერაციის თარიღი და დრო
საკონტროლო ველი 20191224104535.0
008 - ფიქსირებული სიგრძის მონაცემთა ელემენტები - ზოგადი ინფორმაცია
ფიქსირებული სიგრძის საკონტროლო ველი 191224s1998 ge ||||| |||| 00| 0 geo d
020 ## - წიგნის საერთაშორისო სტანდარტული ნომერი
International Standard Book Number 9992856718
041 ## - ენის კოდი
Language code of text/sound track or separate title geo
080 ## - უნივერსალური ათობითი კლასიფიკაციის ინდექსი
Universal Decimal Classification number 341.24 კ-77
100 ## - მთავარი ჩანაწერი - პიროვნების სახელი
Personal name კორკელია, კონსტანტინე
9 (RLIN) 539
245 ## - ცნობა სათაურის შესახებ
Title საერთაშორისო ხელშეკრულება საერთაშორისო და შიდა სახელმწიფოებრივ სამართალში /
Statement of responsibility, etc კონსტანტინე კორკელია; რედ.: ლ. ალექსიძე.
264 ## - წარმოების, გამოცემის, დისტრიბუციის და სხვა ცნობები
გამოცემის, წარმოების, დისტრიბუციის... ადგილი თბილისი :
გამოცემის, წარმოების, დისტრიბუციის... სახელწოდება თბილ. უნ-ტის გამ-ბა,
გამოცემის, წარმოების, დისტრიბუციის... თარიღი 1998.
300 ## - ფიზიკური აღწერა
Extent 328 გვ. ;
Other physical details 20 სმ.
500 ## - ზოგადი შენიშვნა
General note პარალ. თავ. და რეზ. ინგლ. ენ.
504 ## - BIBLIOGRAPHY, ETC. NOTE
Bibliography, etc ბიბლიოგრ. ტექსტის შენიშვნ.
653 ## - INDEX TERM--UNCONTROLLED
Uncontrolled term საერთაშორისო ხელშეკრულებები
653 ## - INDEX TERM--UNCONTROLLED
Uncontrolled term სამართალი
700 ## - ADDED ENTRY--PERSONAL NAME
Personal name ალექსიძე, ლ.
Relator term რედაქტორი
9 (RLIN) 3938
942 ## - ADDED ENTRY ELEMENTS (KOHA)
Source of classification or shelving scheme
Koha item type წიგნი
ეგზემპლარები
ჩამოწერის სტატუსი დაკარგული ეგზემპლარის სტატუსი კლასიფიკაციის წყარო ან თაროზე გაწყობის სქემა მითითებული მასალები (აკინძული ტომები ან სხვა ნაწილი) დაზიანების სტატუსი არ გაიცემა მუდმივი მდებარეობა (დაცვის ადგილი) ამჟამინდელი ადგილსამყოფელი თაროზე განთავსების ადგილი შეძენის თარიღი ღირებულება, შესყიდვის ნორმალური ფასი სრული შენახვის შიფრი შტრიხკოდი ბოლო ოპერაციის თარიღი ეგზემპლარის მიმდევრობითი ნომერი (კეტერი?) ფასის ძალაში შესვლის თარიღი ეგზემპლარის სახეობა საჯარო შენიშვნა
      ქსეროასლი     ბათუმის შოთა რუსთაველის სახელმწიფო უნივერსიტეტის მთავარი ბიბლიოთეკა ბათუმის შოთა რუსთაველის სახელმწიფო უნივერსიტეტის მთავარი ბიბლიოთეკა წიგნსაცავი 2019-12-24 10.15 341.24 კ-77 00596 2019-12-24 00596 2019-12-24 წიგნი 10 ლ. 15 თ.